00362pab a2200133 454500008004000000100002100040245008100061260000900142300001300151362001100164650000800175650001100183773003400194180718b2015 xxu||||| |||| 00| 0 eng d aRath, Nilakantha aDeclining cattle population: will the sacred cow finally rest in the temple? c2015 ap.12-14. a11 Jul aCow aCattle aEconomic and Political Weekly